Knights of the black and white / (Record no. 23851)
[ view plain ]
| 000 -LEADER | |
|---|---|
| fixed length control field | 02370nam a22003251 4500 |
| 005 - DATE AND TIME OF LATEST TRANSACTION | |
| control field | 20050808122104.0 |
| 008 - FIXED-LENGTH DATA ELEMENTS--GENERAL INFORMATION | |
| fixed length control field | 721219s1962 nyu | 00| f eng |
| 010 ## - LCCN (DPL NO) | |
| LC control number | B-347193-201 |
| 020 ## - INTERNATIONAL STANDARD BOOK NUMBER | |
| International Standard Book Number | 9780007207459 |
| Terms of availability | 295.00 |
| 035 ## - SYSTEM CONTROL NUMBER | |
| System control number | B-347193-201 |
| 037 ## - SOURCE OF ACQUISITION | |
| Source of stock number/acquisition | Aakar Books |
| 040 ## - CATALOGING SOURCE | |
| Original cataloging agency | dpl |
| Language of cataloging | English |
| 082 ## - DEWEY DECIMAL CLASSIFICATION NUMBER | |
| Classification number | N |
| 100 ## - MAIN ENTRY--PERSONAL NAME | |
| Personal name | Whyte, Jack |
| 245 ## - TITLE STATEMENT | |
| Title | Knights of the black and white / |
| Statement of responsibility, etc | by Jack Whyte |
| 260 ## - PUBLICATION, DISTRIBUTION, ETC. (IMPRINT) | |
| Place of publication, distribution, etc | London |
| Name of publisher, distributor, etc | Harper-Collins Publishers |
| Date of publication, distribution, etc | 2007 |
| 270 ## - ADDRESS | |
| Address | 77-85 Fullham, Palace Road |
| City | Hammersmith, London |
| Postal code | W6 8JB |
| 300 ## - PHYSICAL DESCRIPTION | |
| Extent | xii,548,15p. |
| Dimensions | 20 cm. (pbk) |
| 942 ## - ADDED ENTRY ELEMENTS (KOHA) | |
| Source of classification or shelving scheme | Dewey Decimal Classification |
| Item type | English Books |
| Classification part | N |
| Call number suffix | WHY |
| Withdrawn status | Lost status | Source of classification or shelving scheme | Damaged status | Not for loan | Collection code | Home library | Current library | Date acquired | Source of acquisition | Cost, normal purchase price | Total Checkouts | Full call number | Barcode | Date last seen | Copy number | Cost, replacement price | Koha item type | Total Renewals |
|---|---|---|---|---|---|---|---|---|---|---|---|---|---|---|---|---|---|---|
| Dewey Decimal Classification | Fiction | Bawana | Bawana | 08/10/2009 | Aakar Books/I-172/22.6.09/18/5.6.09/6.7.09 | 295.00 | N WHY | B-347200 | 08/10/2009 | 1 | 295.00 | English Books | ||||||
| Dewey Decimal Classification | Fiction | Central Library | Central Library | 08/10/2009 | Aakar Books/I-172/22.6.09/18/5.6.09/6.7.09 | 295.00 | N WHY | B-347193 | 08/10/2009 | 1 | 295.00 | English Books | ||||||
| Withdrawn | Dewey Decimal Classification | Fiction | Janak Puri | Janak Puri | 08/10/2009 | Aakar Books/I-172/22.6.09/18/5.6.09/6.7.09 | 295.00 | 21 | N WHY | B-347196 | 03/05/2014 | 1 | 295.00 | English Books | 3 | |||
| Written-off vide DLB M. No. 383 dt 16.05.19 | Dewey Decimal Classification | Fiction | Karol Bagh | Karol Bagh | 08/10/2009 | Aakar Books/I-172/22.6.09/18/5.6.09/6.7.09 | 295.00 | N WHY | B-347198 | 08/10/2009 | 1 | 295.00 | English Books | |||||
| Dewey Decimal Classification | Fiction | Narela | Narela | 08/10/2009 | Aakar Books/I-172/22.6.09/18/5.6.09/6.7.09 | 295.00 | N WHY | B-347199 | 08/10/2009 | 1 | 295.00 | English Books | ||||||
| Dewey Decimal Classification | Fiction | Patel Nagar | Patel Nagar | 08/10/2009 | Aakar Books/I-172/22.6.09/18/5.6.09/6.7.09 | 295.00 | N WHY | B-347194 | 08/10/2009 | 1 | 295.00 | English Books | ||||||
| Dewey Decimal Classification | Fiction | Peshwa Road | Peshwa Road | 08/10/2009 | Aakar Books/I-172/22.6.09/18/5.6.09/6.7.09 | 295.00 | N WHY | B-347195 | 08/10/2009 | 1 | 295.00 | English Books | ||||||
| Written-off vide DLB M. No. 383 dt 16.05.19 | Dewey Decimal Classification | Fiction | Sarojini Nagar | Sarojini Nagar | 08/10/2009 | Aakar Books/I-172/22.6.09/18/5.6.09/6.7.09 | 295.00 | N WHY | B-347197 | 08/10/2009 | 1 | 295.00 | English Books | |||||
| Dewey Decimal Classification | Fiction | Shahdara Branch | Shahdara Branch | 08/10/2009 | Aakar Books/I-172/22.6.09/18/5.6.09/6.7.09 | 295.00 | N WHY | B-347201 | 08/10/2009 | 1 | 295.00 | English Books |
